000 00459nam a2200181Ia 4500
001 2410
005 20260306144805.0
008 260306t2002||||xx |||||||||||||| ||spa||
041 _aESP
082 _a616.89
_bL86
100 _aLópez, Juan J.
_eAUT
245 0 _aManual diagnóstico y estadístico de los trastornos mentales
260 _c2002
300 _axxxv, 1049 páginas :
_c24 cm.
650 _aGEN
654 _aCPS
942 _cLIB
_dJUS
_fJUS
_2ddc
_n
999 _c2410
_d2410